banner-ar

I CAN GROW THINGS: HOW TO GROW ACTIVITY PROJECTS FOR THE VERY YOUNG / (Record no. 17105)

MARC details
000 -الفاتح
حقل البيانات ثابتة الطول 00559nam a2200205Ia 4500
008 - عناصر البيانات ثابتة الطول - معلومات عامة
حقل البيانات ثابتة الطول 140319s9999 xx 000 0 eng d
040 ## - مصدر الفهرسة
وكالة الفهرسة الأصلية GCL /
وكالة النسخ GCL
082 04 - رقم تصنيف ديوى العشرى
رقم التصنيف CH
رقم المادة 631.546
-- W I
100 1# - المدخل الرئيسى - إسم شخصى
الإسم الشخصى WALTON, SALLY
245 10 - بيان العنوان
العنوان I CAN GROW THINGS: HOW TO GROW ACTIVITY PROJECTS FOR THE VERY YOUNG /
بيان المسئوليه,etc WALTON, SALLY
700 1# - المدخل الاضافى - اسم شخصى
الإسم الشخصى DONALDSON, STEPHANIE
260 ## - PUBLICATION, DISTRIBUTION, ETC. (IMPRINT)
تاريخ النشر أو التوزيع 1993
300 ## - الوصف المادى
التعداد 41 P
650 04 - المدخل الاضافى بالموضوع-مصطلح موضوعى
مصطلح موضوعي GROWTH
650 04 - المدخل الاضافى بالموضوع-مصطلح موضوعى
مصطلح موضوعي CHILDREN
650 04 - المدخل الاضافى بالموضوع-مصطلح موضوعى
مصطلح موضوعي GROWTH PLANTS
650 04 - المدخل الاضافى بالموضوع-مصطلح موضوعى
مصطلح موضوعي CHILDREN - BOOKS
942 ## - عناصر المدخل الإضافي( كوها)
مصدر التصنيف او مخطط الترفيف Dewey Decimal Classification
Koha [default] item type كتاب
260 ## - PUBLICATION, DISTRIBUTION, ETC. (IMPRINT)
-- [S.N] :
-- LORENZ BOOKS ،
Holdings
حالة التراجع حالة الفقد حالة تلف ليس للاعارة المكان المؤقت الموقع الحالى تاريخ الاكتساب اجمالي اﻻعارات رقم الطلب الباركود تاريخ اخر مشاهدة تاريخ تفعيل السعر نوع وعاء كوها
        مكتبة القاهرة الكبرى مكتبة القاهرة الكبرى 03/26/2014   CH\631.546\W I 30859 03/26/2014 03/26/2014 كتاب

Powered By

EGPV